Brain-computer interfance research : (Record no. 137048)
[ view plain ]
| 000 -LEADER | |
|---|---|
| fixed length control field | 00465nam a22001457a 4500 |
| 005 - DATE AND TIME OF LATEST TRANSACTION | |
| control field | 20250303111750.0 |
| 008 - FIXED-LENGTH DATA ELEMENTS--GENERAL INFORMATION | |
| fixed length control field | 250303b |||||||| |||| 00| 0 eng d |
| 020 ## - INTERNATIONAL STANDARD BOOK NUMBER | |
| International Standard Book Number | 9783030792862 |
| 040 ## - CATALOGING SOURCE | |
| Transcribing agency | PK-LaUMT |
| 082 ## - DEWEY DECIMAL CLASSIFICATION NUMBER | |
| Classification number | 004.67 |
| Item number | BRA- |
| 245 ## - TITLE STATEMENT | |
| Title | Brain-computer interfance research : |
| Remainder of title | a state-of-the-art summary 10 / |
| Statement of responsibility, etc | edited by Chirstoph Guger, Brendan Z. Allison and Aysegual Gunduz |
| 260 ## - PUBLICATION, DISTRIBUTION, ETC. (IMPRINT) | |
| Place of publication, distribution, etc | Switzlernad : |
| Name of publisher, distributor, etc | Springer, |
| Date of publication, distribution, etc | 2021 |
| 300 ## - PHYSICAL DESCRIPTION | |
| Extent | 125 p. |
| 942 ## - ADDED ENTRY ELEMENTS (KOHA) | |
| Koha item type | Books |
| Withdrawn status | Lost status | Damaged status | Home library | Current library | Date acquired | Full call number | Barcode | Date last seen | Price effective from | Koha item type |
|---|---|---|---|---|---|---|---|---|---|---|
| UMT Main Campus | UMT Main Campus | 2025-03-03 | 004.67 BRA- | 148966 | 2025-03-03 | 2025-03-03 | Books |
